Statistiques concernant Pays produisant le plus de canne à sucre

Cliquez ici pour prendre le quiz!

Statistiques générales

  • Ce quiz a été pris 95 fois
  • Le résultat moyen est 15 sur 20

Statistiques - réponses

millions de tonnespays% Correct
769Brésil
97%
37,0Colombie
92%
123Chine
90%
348Inde
89%
56,4Mexique
89%
22,0Argentine
88%
9,83Pérou
88%
27,2Indonésie
86%
29,9Etats-Unis
80%
87,5Thaïlande
78%
34,4Australie
77%
16,3Viêt Nam
76%
8,66Équateur
73%
18,9Cuba
69%
65,5Pakistan
67%
22,4Philippines
67%
10,4Birmanie
61%
15,1Afrique du Sud
55%
33,5Guatemala
53%
15,8Égypte
26%

Distribution des résultats

Percentile par nombre de réponses

% des personnes avec chaque résultat

Votre développement - résultats

Vous n’avez pas pris ce quiz